000 00684nam a2200241Ia 4500
003 OSt
005 20220925203709.0
006 a|||||r|||| 00| 0
007 ta
008 220923b |||||||| |||| 00| 0 eng d
037 _cGeneral Book
040 _aRTL
_cRTL
_beng
041 _2eng
_aeng
082 _aY12-15, K6
100 _aKonopka Gisela
245 0 _aAdolescent girl in conflict
260 _aEnglewood
_bCliffs New Jersey Prentice-Hall
_c1966
300 _axii, 177p
_ccm.
500 _aBibliography P 162-71; Appendix P 141-61
650 _aYouth Revolt
_9233159
942 _hY12-15, K6
_cGB
_2CC
999 _c547445
_d547445